Giant Word Ladder Quiz Stats

 Plays Quiz not verified by Sporcle

Also try: 'D' Logos
Challenge
Share
Tweet
Embed
Score 0/53 Timer 05:00
0 Plays Today
% Correct
KILT
97.7%
KILL
97.2%
MARY
96.9%
POOR
96.4%
BILL
96.2%
BALL
95.4%
BALE
95.2%
PORK
95.2%
BILE
94.4%
BOIL
94.4%
CORE
94.1%
SILT
92.9%
DOOR
92.9%
PARK
92.3%
SALT
92.1%
POOL
91.8%
CORK
90.8%
ROLL
89.5%
PART
88.8%
MALT
88%
POLL
87.8%
VASE
87.5%
CAST
87.2%
WALL
86.2%
CART
85.7%
FALL
85.7%
VAST
85.5%
% Correct
MART
85.2%
PORT
84.7%
DOLL
84.7%
LARD
83.9%
ROIL
83.9%
CURT
83.4%
FILE
83.2%
FINE
82.7%
LORE
82.1%
LINE
81.9%
WARY
81.6%
CULT
81.1%
LORD
80.6%
BOLL
80.6%
FILL
80.1%
WARD
79.3%
BASE
79.1%
LANE
76.8%
COLT
76.3%
MOST
75%
BANE
74.2%
POST
72.4%
DOLT
68.4%
KILO
64%
MOOR
63.5%
MOOT
61.2%

You're not logged in!

Compare scores with friends on all Sporcle quizzes.
OR
Log In

You Might Also Like...

Show Comments

Extras

Created Mar 28, 2013ReportNominate
Tags:giant

Top Quizzes Today


Score Distribution

Your Account Isn't Verified!

In order to create a playlist on Sporcle, you need to verify the email address you used during registration. Go to your Sporcle Settings to finish the process.

Report this User

Report this user for behavior that violates our Community Guidelines.

Details: